Представление документа в формате MARC21

Поле Инд. ПП Название Значение
Тип записи a
Библиографический уровень b
001 Контрольный номер RU/IS/BASE/160670383
005 Дата корректировки 20200610181715.3
084 a Индекс другой классификации/Индекс ББК 86.201; 60.028
a Индекс другой классификации/Индекс ББК 87.3(2)522-685
a Индекс другой классификации/Индекс ББК 87.3(2)63-708
097 00 a 750
100 10 a Автор Киселев Г. С.
245 00 a Заглавие Современный мир и "новое" религиозное сознание
504 00 a Библиография Библиогр. в конце статьи
600 14 a Персоналии Мамардашвили Мераб Константинович
a Персоналии Соловьев Владимир Сергеевич
650 04 a Основная рубрика история философии
a Основная рубрика религиоведение
a Основная рубрика религия
a Основная рубрика социальная философия
a Основная рубрика философия
a Основная рубрика философия религии
653 00 a Ключевые слова XIX век
a Ключевые слова XX век
a Ключевые слова Дух
a Ключевые слова духовное развитие
a Ключевые слова общественное развитие
a Ключевые слова постмодернистское общество
a Ключевые слова религиозное сознание
a Ключевые слова Россия
a Ключевые слова советский период
a Ключевые слова сознание
a Ключевые слова социальная этика
a Ключевые слова СССР
a Ключевые слова христианство
a Ключевые слова экуменизм
a Ключевые слова этика
773 00 t Заглавие источника Вопросы философии
d Дата издания источника 2000
g Прочая информация № 6. - С. 18 - 33
w Контрольный № источника RU/IS/BASE/140276501
901 t Тип документа b